000 00478nam a2200205Ia 4500
005 20240823060314.0
008 240823s9999||||xx |||||||||||||| ||und||
020 _a81-219-0515-X
041 _aENGLISH
082 _A621.3 N7
100 _aTheraja B L
245 0 _aElectrical Technology
250 _a1st
260 _c1997
_bS.Chand & Compan
500 _aTRANSFERED
650 _aElectrical
_bElectrical
700 _aTheraja A K
942 _cBK
999 _c230815
_d230815